| 000 | 00490nam a2200157 a 4500 | ||
|---|---|---|---|
| 001 | ASIN0070547238 | ||
| 005 | 20140820223501.0 | ||
| 008 | 140820s1984 xxu eng d | ||
| 020 | _a0070547238 (paperback) | ||
| 020 | _a9780070547230 (paperback) | ||
| 100 | 1 | _aSaret, Laura. | |
| 245 | 1 | 0 |
_aData processing logic / _cLaura Saret. |
| 260 |
_a[S.l.] : _bMcGraw-Hill, _c1984. |
||
| 300 | _a317 p. | ||
| 856 | 4 | 0 |
_3Amazon.com _uhttp://www.amazon.com/exec/obidos/ASIN/0070547238/chopaconline-20 |
| 999 |
_c8916 _d8916 |
||